| 000 | 02163nam a22002537a 4500 | ||
|---|---|---|---|
| 003 | Uzh_bibl | ||
| 008 | 260417b |||||||| |||| 00| 0 ukr d | ||
| 020 |
_a878-617-7205-88-2 _c52.50 |
||
| 040 | _bукр. | ||
| 041 |
_2ukr _aukr |
||
| 080 | _a929 | ||
| 090 |
_a929 _bК 61 |
||
| 100 | _aКоломієць,Ростислав | ||
| 245 |
_aГнат Хоткевич _hТекст |
||
| 260 |
_aХарків _bТОВ "Сицилія" _c2019 |
||
| 300 |
_a121 с. _fВ опр. |
||
| 520 | _aГнат Хоткевич (1877—1938) — митець небаченого в українській художній культурі масштабу творчості: бандурист, письменник, мистецтвознавець, театральний діяч, історик, педагог, етнограф, художник... Український Леонардо до Вінчі — таким він уявляється сьогодні. Своєю творчістю і організаційно-творчою діяльністю він охопив усю Україну — від Слобожанщини до Карпат. Ніщо — ні матеріальні нестатки, ні вимушена еміграція, ні переслідування з боку царизму, ні терор за часів радянської влади — не могло вгамувати його спраги до творчості. Митець українського розстріляного Відродження, романтик у житті і провидець у творчості, він був потрібен своєму народові у найважчі для нього часи. Потрібен він і нам, його нащадкам, які вибудовують українську державу. | ||
| 521 | _aДля широкого кола читачів | ||
| 546 | _aукр. | ||
| 650 | _aНауково-популярне видання | ||
| 653 |
_aЕтнограф _aХудожник _aПедагог |
||
| 655 | _aБіографії і мемуари | ||
| 942 |
_2udc _cBK |
||
| 999 |
_c17369 _d17369 |
||